Industrial organisation and engineering economics (Record no. 8990)

MARC details
000 -LEADER
fixed length control field 00612nam a2200205Ia 4500
003 - CONTROL NUMBER IDENTIFIER
control field IN-BaIIA
008 - FIXED-LENGTH DATA ELEMENTS--GENERAL INFORMATION
fixed length control field 211028s9999 xx 000 0 eng d
040 ## - CATALOGING SOURCE
Transcribing agency IIA Library
080 ## - UNIVERSAL DECIMAL CLASSIFICATION NUMBER
Universal Decimal Classification number 658.5
Item number BAN
100 ## - MAIN ENTRY--PERSONAL NAME
Personal name Banga, T. R
9 (RLIN) 15113
245 #0 - TITLE STATEMENT
Title Industrial organisation and engineering economics
Statement of responsibility, etc. T. R Banga and S. C. Sharma
250 ## - EDITION STATEMENT
Edition statement 14th ed.
260 ## - PUBLICATION, DISTRIBUTION, ETC.
Place of publication, distribution, etc. Delhi
Name of publisher, distributor, etc. Khanna Publishers
Date of publication, distribution, etc. 1986
300 ## - PHYSICAL DESCRIPTION
Extent xx, 1012p.
650 ## - SUBJECT ADDED ENTRY--TOPICAL TERM
Topical term or geographic name entry element Astronomy and Astrophysics Thesaurus
650 ## - SUBJECT ADDED ENTRY--TOPICAL TERM
Topical term or geographic name entry element Engineering economics
9 (RLIN) 15114
650 ## - SUBJECT ADDED ENTRY--TOPICAL TERM
Topical term or geographic name entry element Industrial organisation
9 (RLIN) 15115
700 ## - ADDED ENTRY--PERSONAL NAME
Personal name Sharma, S. C.
9 (RLIN) 11119
942 ## - ADDED ENTRY ELEMENTS (KOHA)
Koha item type Books
Holdings
Withdrawn status Lost status Damaged status Not for loan Home library Current library Shelving location Date acquired Cost, normal purchase price Total Checkouts Full call number Barcode Date last seen Cost, replacement price Price effective from Koha item type Purchase Price
        IIA Library-Bangalore IIA Library-Bangalore General Stacks 24/03/1987 50.00   658.5/ BAN 9881 05/11/2021 50.00 24/03/1987 Books Rs. 50.00

Powered by Koha